|
|
|
|
| LEADER |
01674naa a2200337 i 4500 |
| 001 |
acta75194 |
| 005 |
20221108104644.0 |
| 008 |
220419s2022 hu o 1|| eng d |
| 020 |
|
|
|a 978-963-306-853-3
|
| 040 |
|
|
|a SZTE Egyetemi Kiadványok Repozitórium
|b hun
|
| 041 |
|
|
|a eng
|
| 100 |
1 |
|
|a Kertész Szabolcs
|
| 245 |
1 |
4 |
|a The possibilities of membrane separation intensification by 3D printing
|h [elektronikus dokumentum] /
|c Kertész Szabolcs
|
| 260 |
|
|
|a Faculty of Engineering, University of Szeged
|b Szeged
|c 2022
|
| 300 |
|
|
|a 22
|
| 490 |
0 |
|
|a International Conference on Science, Technology, Engineering and Economy
|
| 650 |
|
4 |
|a Műszaki és technológiai tudományok
|
| 650 |
|
4 |
|a Egyéb műszaki tudományok és technológiák
|
| 650 |
|
4 |
|a Környezeti biotechnológia
|
| 695 |
|
|
|a Laboratóriumi technika - szeparálás - membránok - előadáskivonat, Víztisztítás - előadáskivonat, Szennyvíztisztítás - előadáskivonat, Élelmiszertechnológia - előadáskivonat, Élelmiszertudomány - előadáskivonat, Tejipar - előadáskivonat, Nyomtatás - 3D - előadáskivonat, Nyomtatási technológia - előadáskivonat
|
| 700 |
0 |
1 |
|a Huszár Gabriella
|e aut
|
| 700 |
0 |
1 |
|a Szegedi Balázs
|e aut
|
| 700 |
0 |
1 |
|a Lennert József Richárd
|e aut
|
| 700 |
0 |
1 |
|a Csanádi József
|e aut
|
| 700 |
0 |
2 |
|a Sz. Gulyás Nikolett
|e aut
|
| 700 |
0 |
2 |
|a László Zsuzsanna
|e aut
|
| 700 |
0 |
2 |
|a Veréb Gábor
|e aut
|
| 700 |
0 |
2 |
|a Beszédes Sándor
|e aut
|
| 700 |
0 |
2 |
|a Hodúr Cecília
|e aut
|
| 710 |
|
|
|a International conference on science, technology, engineering and economy (2022) (Szeged)
|
| 856 |
4 |
0 |
|u http://acta.bibl.u-szeged.hu/75194/1/2022_icostee_022.pdf
|z Dokumentum-elérés
|